Internacionalizace maloobchodu a tržní selhání

Súčasný stav internacionalizácie maloobchodu sa stáva výzvou pre ekonomickú geografiu. Príspevok podáva stručný prehľad dielčieho aspektu medzinárodného maloobchodu v podobe konceptualizácie a vysvetlenia príčin zlyhania v rámci internacionalizácie maloobchodu a predstavuje prehľad tohoto javu na pr...

Ausführliche Beschreibung

Gespeichert in:
Bibliographische Detailangaben
1. Verfasser: Bednář, Pavel
Format: Buchkapitel
Sprache:Tschechisch
Schlagworte:
Tags: Tag hinzufügen
Keine Tags, Fügen Sie das erste Tag hinzu!

MARC

LEADER 00000nla$a2200000$$$4500
001 0076276
005 20220801085340.3
041 0 |a cze 
044 |a CZ 
245 1 0 |a Internacionalizace maloobchodu a tržní selhání  |c Pavel Bednář 
520 |a Súčasný stav internacionalizácie maloobchodu sa stáva výzvou pre ekonomickú geografiu. Príspevok podáva stručný prehľad dielčieho aspektu medzinárodného maloobchodu v podobe konceptualizácie a vysvetlenia príčin zlyhania v rámci internacionalizácie maloobchodu a predstavuje prehľad tohoto javu na príklade súčasného stavu českého maloobchodného trhu potravín. 
610 2 0 |a maloobchod 
610 2 0 |a internacionalizácia 
610 2 0 |a trh medzinárodný 
610 2 0 |a zlyhanie trhu 
610 2 0 |a Česko 
610 2 0 |a potraviny 
100 1 |a Bednář, Pavel